Tìm hiểu pháp luật của Trung Quốc trong lĩnh vực thương mại
Cuốn sách gồm 3 chương: Chương 1: Tổng quan về hệ thống pháp luật thương mại của Trung Quốc; Chương 2: Trung Quốc hoàn thiện hệ thống pháp luật thương mại trên một số lĩnh vực cụ thể; Chương 3: Một số đề xuất điều chỉnh hệ thống...
में बचाया:
| मुख्य लेखक: | |
|---|---|
| स्वरूप: | पुस्तक |
| भाषा: | Undetermined |
| प्रकाशित: |
Hà Nội
Lý luận chính trị
2006
|
| विषय: | |
| टैग : |
टैग जोड़ें
कोई टैग नहीं, इस रिकॉर्ड को टैग करने वाले पहले व्यक्ति बनें!
|
| Thư viện lưu trữ: | Trung tâm Học liệu Trường Đại học Cần Thơ |
|---|
| LEADER | 01097nam a2200217Ia 4500 | ||
|---|---|---|---|
| 001 | CTU_115465 | ||
| 008 | 210402s9999 xx 000 0 und d | ||
| 020 | |c 18500 | ||
| 082 | |a 346.07 | ||
| 082 | |b N312 | ||
| 100 | |a Lương, Đăng Ninh | ||
| 245 | 0 | |a Tìm hiểu pháp luật của Trung Quốc trong lĩnh vực thương mại | |
| 245 | 0 | |c Lương Đăng Ninh | |
| 260 | |a Hà Nội | ||
| 260 | |b Lý luận chính trị | ||
| 260 | |c 2006 | ||
| 520 | |a Cuốn sách gồm 3 chương: Chương 1: Tổng quan về hệ thống pháp luật thương mại của Trung Quốc; Chương 2: Trung Quốc hoàn thiện hệ thống pháp luật thương mại trên một số lĩnh vực cụ thể; Chương 3: Một số đề xuất điều chỉnh hệ thống pháp luật Việt Nam nhằm thúc đẩy quan hệ Việt Nam - Trung Quốc. | ||
| 650 | |a Commerical law | ||
| 650 | |z Chinese | ||
| 904 | |i Vương | ||
| 980 | |a Trung tâm Học liệu Trường Đại học Cần Thơ | ||